000 00586nam a22002057a 4500
003 OSt
005 20181001180411.0
008 181001b xxu||||| |||| 00| 0 eng d
020 _a9788185731278
020 _a8185731276
040 _cDNLM
082 _aQV746 P494s 2002
100 _aSubrahmanyam, C.V.S. [et...al]
_912693
245 _aPharmaceutical Engineering: principles and practices
260 _aVallabh Prakashan; Delhi; 2002
300 _av,512p; ill: 21cm
504 _aAppendices, & index included
650 _aPharmaceutical engineering
_911988
942 _2z
_cSLOAN
999 _c6142
_d6142